| 000 | 00439nam a2200157 i 4500 | ||
|---|---|---|---|
| 001 | 32893 | ||
| 003 | ES-MaACL | ||
| 007 | t| | ||
| 008 | 030131q19001999sp ||||1| spa d | ||
| 100 | 1 |
_aBernaldo de Quirós, Constancio, _d1873-1959 _928215 |
|
| 245 | 1 | 3 |
_aEl alcoholismo / _cConstancio Bernaldo de Quirós. |
| 260 |
_aBarcelona : _b[s.n., _c19??] |
||
| 300 | _a1 v. | ||
| 852 |
_aES-MaACL _jT-999-F-2 |
||
| 999 |
_c32893 _d32893 |
||